الحديث والمحدثون : او عناية الأمة الاسلامية بالسنة النبوية al-Ḥadīth wa-al-muḥaddithūn : aw, ʻInāyat al-ummah al-Islāmīyah bi-al-sunnah al-Nabawīyah /: (Record no. 77887)
[ view plain ]
| 000 -LEADER | |
|---|---|
| fixed length control field | 00954nam a2200205 i 4500 |
| 001 - CONTROL NUMBER | |
| control field | 77887 |
| 003 - CONTROL NUMBER IDENTIFIER | |
| rucl marc code | BD-RjUL |
| 005 - DATE AND TIME OF LATEST TRANSACTION | |
| control field | 20211209083047.0 |
| 008 - FIXED-LENGTH DATA ELEMENTS--GENERAL INFORMATION | |
| fixed length control field | 210207s1984 le ||| | ara d |
| 035 ## - SYSTEM CONTROL NUMBER | |
| System control number | (BD-RjUL)78113) |
| 040 ## - CATALOGING SOURCE | |
| Original cataloging agency | UkOxU |
| Language of cataloging | eng |
| Description conventions | rda |
| Transcribing agency | UkOxU |
| 041 ## - LANGUAGE CODE | |
| Language code of text/sound track or separate title | ara |
| 082 ## - DEWEY DECIMAL CLASSIFICATION NUMBER | |
| Edition number | 23 |
| Classification number | 297.12509072 |
| Author mark and year | ABH 1984 |
| 100 1# - MAIN ENTRY--PERSONAL NAME | |
| Personal name | أبو زهو, محمد محمود Abū Zahw, Muḥammad Muḥammad, |
| Relator term | author. |
| 9 (RLIN) | 244478 |
| 245 14 - TITLE STATEMENT | |
| Title | الحديث والمحدثون : او عناية الأمة الاسلامية بالسنة النبوية al-Ḥadīth wa-al-muḥaddithūn : aw, ʻInāyat al-ummah al-Islāmīyah bi-al-sunnah al-Nabawīyah /: |
| Statement of responsibility, etc. | محمد محمود أبو زهو Muḥammad Muḥammad Abū Zahw. |
| 264 #1 - PRODUCTION, PUBLICATION, DISTRIBUTION, MANUFACTURE, AND COPYRIGHT NOTICE | |
| Place of production, publication, distribution, manufacture | Bayrūt :بيروت : |
| Name of producer, publisher, distributor, manufacturer | Al Maktabat al Tawfiqiyah, دار الكتاب العربي, |
| Date of production, publication, distribution, manufacture, or copyright notice | 1378 (h)1984 |
| 300 ## - PHYSICAL DESCRIPTION | |
| Pagination | [14], 495 pages ; |
| Size | 25 cm |
| 650 #0 - SUBJECT ADDED ENTRY--TOPICAL TERM | |
| Topical term or geographic name as entry element | Hadith -- Study and teaching |
| Form subdivision | History. |
| 9 (RLIN) | 244479 |
| 942 ## - ADDED ENTRY ELEMENTS (KOHA) | |
| Source of classification or shelving scheme | Dewey Decimal Classification |
| Koha item type | Books |
| Lost status | Source of classification or shelving scheme | Damaged status | Not for loan | Collection code | Permanent Location | Current Location | Shelving location | Date acquired | Source of acquisition | Cost, normal purchase price | Total Checkouts | Full call number | Date last seen | Copy number | Koha item type |
|---|---|---|---|---|---|---|---|---|---|---|---|---|---|---|---|
| Dewey Decimal Classification | Not For Loan | Non-fiction | Central Library, University of Rajshahi | Central Library, University of Rajshahi | Reading Room | 16/06/2008 | Maktabatul arabia , Dhaka | 500.00 | A 297.12509072 ABH 1984 | 07/02/2021 | C-1 | Books |